Pokémon - Mort Subite Pokédex (3) - Statistiques

Statistiques générales
  • Ce quiz a été pris 71 fois
  • Le résultat moyen est 11 sur 16
Answers on the Grid
Answers color-coded by a green-red scale on the quiz's grid according to % correct below.
Ectoplasma
Voltorbe
Tygnon
Rhinocorne
Poissirène
Nidoqueen
Sulfura
Mackogneur
Chétiflor
Crustabri
Roucoups
Ossatueur
Dracaufeu
Sabelette
Hypotrempe
Magicarpe
Dodrio
Mew
Porygon
Taupiqueur
Kabuto
M. Mime
Métamorph
Rafflesia
Kadabra
Kangourex
Ramoloss
Staross
Insécateur
Draco
Grolem
Papilusion
 
Statistiques - réponses
Réponse % Correct
Mew
90%
Draco
87%
M. Mime
84%
Sulfura
84%
Kangourex
81%
Métamorph
81%
Insécateur
77%
Porygon
77%
Tygnon
77%
Kabuto
71%
Magicarpe
71%
Hypotrempe
58%
Rhinocorne
55%
Poissirène
52%
Staross
52%
Ossatueur
48%
Aucun quiz correspondant
Distribution des résultats
% des personnes avec chaque résultat
Percentile par nombre de réponses
Votre historique - résultats
Vous n’avez pas pris ce quiz